Evolucion y revolucion / (Record no. 108614)
[ view plain ]
| 000 -LEADER | |
|---|---|
| fixed length control field | 00547cam a2200193 4500 |
| 005 - DATE AND TIME OF LATEST TRANSACTION | |
| control field | 20170601112502.0 |
| 008 - FIXED-LENGTH DATA ELEMENTS--GENERAL INFORMATION | |
| fixed length control field | 170601 ag spa |
| 050 #4 - LIBRARY OF CONGRESS CALL NUMBER | |
| Classification number | HX833 |
| Item number | R43 |
| 100 1# - MAIN ENTRY--PERSONAL NAME | |
| Personal name | Reclus, Eliseo |
| 245 #0 - TITLE STATEMENT | |
| Title | Evolucion y revolucion / |
| Statement of responsibility, etc | Eliseo Reclus ; Version de a. Gregori. |
| 250 ## - EDITION STATEMENT | |
| Edition statement | 1a ed. |
| 260 ## - PUBLICATION, DISTRIBUTION, ETC. (IMPRINT) | |
| Place of publication, distribution, etc | Buenos Aires : |
| Name of publisher, distributor, etc | Tor, |
| 300 ## - PHYSICAL DESCRIPTION | |
| Extent | 158 p. ; |
| Dimensions | 17 cm. |
| 490 #0 - SERIES STATEMENT | |
| Series statement | Nueva Biblioteca Filosofica tor ; |
| Volume number/sequential designation | 22 |
| 500 ## - GENERAL NOTE | |
| General note | |
| 650 #4 - SUBJECT ADDED ENTRY--TOPICAL TERM | |
| Topical term or geographic name as entry element | Anarquismo y anarquistas |
| 700 1# - ADDED ENTRY--PERSONAL NAME | |
| Personal name | Gregori, a., |
| Relator term | vers |
| 942 ## - ADDED ENTRY ELEMENTS (KOHA) | |
| Source of classification or shelving scheme | Biblioteca del Cogreso de los Estados Unidos |
| Koha item type | Libro |
| Estado de pérdida | Fuente de clasificación | Estado del daño | No para préstamo | Ubicación permanente | Ubicación actual | Apartado o colección | Fecha de adquisición | Fuente de adquisición | Edición | Dependencia de educación superior (DES) | Área del conocimiento | Clasificación | Código de Barras | Date last seen | Número de copia | Tipo de recurso |
|---|---|---|---|---|---|---|---|---|---|---|---|---|---|---|---|---|
| Biblioteca del Cogreso de los Estados Unidos | Biblioteca de la Facultad de Filosofía | Biblioteca de la Facultad de Filosofía | General | 20/05/2016 | Unidad Académica Genérico | 1a. ed. | Humanidades | Educación y Humanidades | HX833 R43 | BFF000027055 | 20/05/2016 | C:1 | Libro |